| 000 | 00457nam a2200181Ia 4500 | ||
|---|---|---|---|
| 005 | 20250423101651.0 | ||
| 008 | 250422s9999 xx 000 0 und d | ||
| 020 | _a0879421800 | ||
| 050 | _aTK 7874 .V5663/ | ||
| 100 | _aFolberth, Otto G. | ||
| 245 | 0 | _aVLSI : technology and design | |
| 260 | _aNew York | ||
| 260 | _bIEEE Press | ||
| 260 | _cc1984 | ||
| 300 | _a309 p | ||
| 650 | _aIntegrated circuits_Very large scale integration. | ||
| 942 | _cBK | ||
| 999 |
_c36921 _d36921 |
||